| 000 | 01286nam0a22003131 4500 | ||
|---|---|---|---|
| 001 | rc\4944745 | ||
| 005 | 20250612212220.0 | ||
| 035 | _a(NLR Aleph) 008854835 | ||
| 090 |
_a8423717 _c8423717 |
||
| 100 | _a20130426d1968 |||y0rusy50 ca | ||
| 101 | 0 | _arus | |
| 102 | _aRU | ||
| 105 | _aa z ||||| | ||
| 200 | 1 |
_aПоследние экспериментальные исследования гиперзвукового турбулентного пограничного слоя _dRecent Experiments in Hypersonie Turbulen _eBoundary Layers. Nasa T.N., 1965, v 10-14, № x-56335, 22 p.p.] _f[Bertram M.H., Neal L. _gЦАГИ. Бюро науч.-техн. информации |
|
| 210 |
_a[Москва] _cИзд. отд. ЦАГИ _d1968 |
||
| 215 |
_a34 с. _cил. _d28 |
||
| 225 | 1 |
_aОбзоры. Переводы. Рефераты _v№ 237 _iПереводы |
|
| 300 | _aОтпеч. множит. аппаратом | ||
| 320 | _aБиблиогр.: с. 32-34 | ||
| 333 | _aИзд. подписное | ||
| 510 | 0 |
_aRecent Experiments in Hypersonie Turbulen _zrus |
|
| 700 | 1 |
_aБертрам _bМ.Г. |
|
| 701 | 1 |
_aНиил _bЛ. |
|
| 801 | 0 |
_aRU _bNLR _gpsbo |
|
| 801 | 1 |
_aRU _bELAR _2rusmarc |
|
| 852 |
_aNLR _jП11/2256 |
||
| 852 |
_aNLR _bОСХ |
||
| 942 | _cBOOK | ||
| 980 | _aNB | ||